000 01041nam a2200241Ia 4500
003 Ost
005 20260507075259.0
008 260507s9999||||xx |||||||||||||| ||und||
020 _a5661669961
040 _cfsecg
041 _aara
082 _a330
100 _aلعويسات، جمال الدين
_eمؤلف
245 0 _aالسلوك التنظيمي و التطوير الاداري /
_c جمال الدين لعويسات
260 _aالجزائر:
_bدار هومه,
_c2003
300 _a75 صفحة؛
_c23 سم
520 _aتطبيقات السلوك التنظيمي و قوة الدافعية كمحدد لسلوك الافراد و الجماعات داخل المنظمات ، دور القيادة و الاتصال في توجيه الافراد و الجماعات و تخطيط التغيير و التطوير التنظيمي داخل المنظمات .
653 _aالاتصال
653 _aالادارة
653 _aالسلوك
653 _aالسلوك الاداري
942 _cكتاب
999 _c43781
_d43781